Statistics for Country Shape Quiz #1 - One Minute Sprint

Click here to take the quiz!

General Stats

  • This quiz has been taken 38 times
  • The average score is 14 of 16

Answer Stats

Answer% Correct
Australia
100%
India
97%
United States
95%
Italy
92%
United Kingdom
92%
Egypt
89%
France
89%
China
86%
Japan
86%
Mexico
86%
Norway
86%
Brazil
84%
Argentina
81%
Indonesia
78%
Panama
62%
Iraq
59%

Score Distribution

Percentile by Number Answered

Percent of People with Each Score

Your Score History

You have not taken this quiz